000 00537nam a22001577a 4500
005 20120319122455.0
020 _a8174782427
_c60.00
035 _aB-84460
037 _aDPL
_bENG
100 _aMurthy, Y. Krishna
_943925
245 _aAstrology and your future /
_cby Y. Krishna Murthy
260 _aChennai
_bSura Books (Pvt.) Ltd.
300 _a126p.
_c16 cms.
942 _2ddc
_cEN
_h133.5
_mKRI
999 _c64130
_d64130